| 000 | 00395nam a2200169Ia 4500 | ||
|---|---|---|---|
| 999 |
_c10325 _d10325 |
||
| 003 | OSt | ||
| 005 | 20220315181259.0 | ||
| 008 | 220308s9999 xx 000 0 und d | ||
| 020 | _a9788417412159 | ||
| 082 |
_a709.22 _bJEN |
||
| 100 | _a Jean-Charles Trebbi | ||
| 245 | 4 | _aThe Art Of Cutting | |
| 260 | _b Promopress (29 March 2019) | ||
| 365 | _cGBP | ||
| 365 | _d25 | ||
| 942 | _2ddc | ||